[Event "AUT-ch Rapid"]
[Site "Graz"]
[Date "2023.06.10"]
[Round "1"]
[White "Wiener, Alexander"]
[Black "Schwabeneder, Florian"]
[Result "0-1"]
[WhiteElo "1843"]
[BlackElo "2389"]
[PlyCount "66"]
[EventDate "2023.06.10"]
[EventType "swiss (rapid)"]
[EventRounds "9"]
[EventCountry "AUT"]
[SourceTitle "CBM 214 Extra"]
[Source "ChessBase"]
[SourceDate "2023.07.31"]
[SourceVersion "1"]
[SourceVersionDate "2023.07.31"]
[SourceQuality "1"]

1. e4 Nc6 2. Nc3 e5 3. g3 Bc5 4. Bg2 a6 5. Nge2 h5 6. h4 Nf6 7. 0-0 d6 8. Nd5 Ng4 9. c3 Ba7 10. d4 Ne7 11. Bg5 f6 12. Nxe7 Qxe7 13. Bc1 g5 14. f3 Nh6 15. hxg5 fxg5 16. Be3 Nf7 17. Qd2 Bd7 18. b4 h4 19. gxh4 Rxh4 20. Bf2 Rh7 21. Ng3 0-0-0 22. a4 Rdh8 23. Nf5 Bxf5 24. exf5 Qf6 25. b5 a5 26. c4 Bxd4 27. Bxd4 exd4 28. Qxa5 d3 29. Rad1 Qd4+ 30. Rf2 Kb8 31. f4 gxf4 32. Bxb7 Kxb7 33. Qa6+ Kb8 0-1

[Event "Vienna Advent op"]
[Site "Vienna"]
[Date "2022.12.08"]
[Round "4"]
[White "Wiener, Alexander"]
[Black "Eulering, Georg"]
[Result "0-1"]
[WhiteElo "1895"]
[BlackElo "2068"]
[PlyCount "42"]
[EventDate "2022.12.05"]
[EventType "tourn"]
[EventRounds "7"]
[EventCountry "AUT"]
[SourceTitle "CBM 211 Extra"]
[Source "ChessBase"]
[SourceDate "2023.01.31"]
[SourceVersion "1"]
[SourceVersionDate "2023.01.31"]
[SourceQuality "1"]

1. d4 f5 2. g3 Nf6 3. Bg2 g6 4. Nh3 Bg7 5. 0-0 0-0 6. c3 d5 7. Nf4 c6 8. Nd3 Nbd7 9. Bf4 h6 10. h4 Ne4 11. f3 Nef6 12. Nd2 Nh5 13. Kh2 e5 14. Bxe5 Nxe5 15. dxe5 f4 16. gxf4 Rxf4 17. Nxf4 Qxh4+ 18. Kg1 Nxf4 19. e3 Nxg2 20. Kxg2 Bh3+ 21. Kg1 Qg3+ 0-1

[Event "Innsbruck op 4th"]
[Site "Innsbruck"]
[Date "2020.08.26"]
[Round "6"]
[White "Wiener, Alexander"]
[Black "Ermitsch, Magnus"]
[Result "0-1"]
[WhiteElo "1914"]
[BlackElo "2025"]
[PlyCount "56"]
[EventDate "2020.08.22"]
[EventType "swiss"]
[EventRounds "9"]
[EventCountry "AUT"]
[SourceTitle "CBM 198 Extra"]
[Source "ChessBase"]
[SourceDate "2020.11.30"]
[SourceVersion "1"]
[SourceVersionDate "2020.11.30"]
[SourceQuality "1"]

1. e4 c5 2. Nf3 e6 3. d3 Nc6 4. g3 d6 5. Bg2 g6 6. 0-0 Bg7 7. c3 e5 8. Na3 Nge7 9. Nc4 b5 10. Ne3 0-0 11. a4 b4 12. Nh4 Rb8 13. f4 exf4 14. gxf4 bxc3 15. bxc3 Bxc3 16. Ra2 Nb4 17. Raf2 Ba6 18. f5 Nxd3 19. f6 Nxf2 20. Rxf2 Bxf6 21. Rxf6 Nf5 22. Nhxf5 Qxf6 23. Nd5 Qa1 24. Nfe7+ Kh8 25. Nc3 Qxc3 26. Bd2 Qd4+ 27. Kh1 Rb2 28. Bf3 Rb1 0-1

[Event "Steyr Landesliga 1718"]
[Site "Austria"]
[Date "2018.02.03"]
[Round "8.7"]
[White "Wiener, Alexander"]
[Black "Schloffer, Jasmin Denise"]
[Result "0-1"]
[WhiteElo "1774"]
[BlackElo "1993"]
[PlyCount "56"]
[EventDate "2017.09.30"]
[EventType "team-tourn"]
[EventRounds "11"]
[EventCountry "AUT"]
[SourceTitle "EXT 2019"]
[Source "ChessBase"]
[SourceDate "2018.10.10"]
[SourceVersion "1"]
[SourceVersionDate "2018.10.10"]
[SourceQuality "1"]
[WhiteTeam "Graz Schachgesellschaft"]
[BlackTeam "Feldbach Kirchberg"]
[WhiteTeamCountry "AUT"]
[BlackTeamCountry "AUT"]

1. e4 e5 2. Nf3 Nc6 3. Nc3 Nf6 4. a3 Be7 5. h3 0-0 6. d3 d5 7. Nd2 Re8 8. g4 dxe4 9. Ndxe4 Nd4 10. Bg2 c6 11. Nxf6+ Bxf6 12. Ne4 Be7 13. Ng3 Be6 14. 0-0 Bh4 15. Be3 h6 16. Ne2 Bd5 17. Nxd4 exd4 18. Bf4 Bxg2 19. Kxg2 Re6 20. Bg3 Bxg3 21. fxg3 Re3 22. Re1 Qd5+ 23. Kh2 Rae8 24. Rxe3 Rxe3 25. Qf1 Qe5 26. Qf4 Re2+ 27. Kg1 Qxf4 28. gxf4 Rxc2 0-1

[Event "Steyr Landesliga 1718"]
[Site "Austria"]
[Date "2017.10.21"]
[Round "3.7"]
[White "Wiener, Alexander"]
[Black "Thalmeier, Bernd"]
[Result "0-1"]
[WhiteElo "1774"]
[BlackElo "2028"]
[PlyCount "104"]
[EventDate "2017.09.30"]
[EventType "team-tourn"]
[EventRounds "11"]
[EventCountry "AUT"]
[SourceTitle "CBM 181 Extra"]
[Source "ChessBase"]
[SourceDate "2017.12.12"]
[SourceVersion "1"]
[SourceVersionDate "2017.12.12"]
[SourceQuality "1"]
[WhiteTeam "Graz Schachgesellschaft"]
[BlackTeam "Gamlitz"]
[WhiteTeamCountry "AUT"]
[BlackTeamCountry "AUT"]

1. Nf3 c5 2. g3 g6 3. Bg2 Bg7 4. 0-0 Nc6 5. d3 d5 6. c3 Nf6 7. Qc2 0-0 8. e4 dxe4 9. dxe4 e5 10. Na3 a6 11. Nc4 Qc7 12. Ne3 Rd8 13. h3 h6 14. a4 b6 15. Re1 Be6 16. b3 Rd7 17. Ba3 Rad8 18. Rad1 Rxd1 19. Rxd1 Rxd1+ 20. Nxd1 Qd7 21. Kh2 c4 22. bxc4 Bxc4 23. Nd2 Bd3 24. Qb2 b5 25. axb5 axb5 26. Ne3 h5 27. Bc5 Nd8 28. Qa2 Kh7 29. Nd5 Ne6 30. Be3 Ne8 31. h4 Qb7 32. f4 exf4 33. gxf4 Qb8 34. Kg1 Nd6 35. Qa7 Qxa7 36. Bxa7 Nc4 37. Nb3 Nb2 38. Nd4 Nd1 39. Bf3 Nxc3 40. Nxe6 fxe6 41. Nxc3 Bxc3 42. Kf2 b4 43. Ke3 Bc2 44. Bd4 Be1 45. Bf6 b3 46. Be2 Bxh4 47. Bb2 Be7 48. Bc4 e5 49. fxe5 g5 50. Be6 g4 51. Kf4 Kh6 52. Kf5 g3 0-1

[Event "Portoroz op 11th"]
[Site "Portoroz"]
[Date "2017.07.23"]
[Round "3"]
[White "Wiener, Alexander"]
[Black "Knudsen, Martin"]
[Result "0-1"]
[WhiteElo "1793"]
[BlackElo "2020"]
[PlyCount "46"]
[EventDate "2017.07.22"]
[EventType "swiss"]
[EventRounds "9"]
[EventCountry "SLO"]
[SourceTitle "EXT 2018"]
[Source "ChessBase"]
[SourceDate "2017.10.13"]
[SourceVersion "1"]
[SourceVersionDate "2017.10.13"]
[SourceQuality "1"]

1. c4 Nf6 2. Nc3 e5 3. e4 Nc6 4. Nge2 a6 5. d3 Bc5 6. h3 h6 7. g4 Nd4 8. Bg2 d6 9. Ng3 Bd7 10. 0-0 c6 11. Rb1 b5 12. cxb5 axb5 13. a3 Nh7 14. Nce2 Nxe2+ 15. Qxe2 Be6 16. Bd2 Rc8 17. Kh2 0-0 18. f4 exf4 19. Bxf4 Bd4 20. Nf5 Be5 21. Qe3 c5 22. Qg3 f6 23. Nxd6 Qxd6 0-1

[Event "Graz Land-ch"]
[Site "Graz"]
[Date "2014.09.10"]
[Round "3"]
[White "Schuetz, Christian"]
[Black "Wiener, Alexander"]
[Result "1-0"]
[WhiteElo "1946"]
[BlackElo "1818"]
[PlyCount "77"]
[EventDate "2014.09.08"]
[EventType "swiss"]
[EventRounds "7"]
[EventCountry "AUT"]
[SourceTitle "CBM 162 Extra"]
[Source "ChessBase"]
[SourceDate "2014.10.17"]
[SourceVersion "1"]
[SourceVersionDate "2014.10.17"]
[SourceQuality "1"]

1. Nf3 c5 2. g3 Nc6 3. Bg2 Nf6 4. 0-0 d5 5. d3 g6 6. Nbd2 Bg7 7. c3 0-0 8. Qc2 Qc7 9. e4 dxe4 10. dxe4 b6 11. Re1 Bb7 12. Nc4 Rad8 13. e5 Nd5 14. e6 b5 15. exf7+ Kh8 16. Ne3 Ne5 17. Nxe5 Qxe5 18. Bd2 Qf6 19. Ng4 Qxf7 20. Bg5 Rd6 21. Rad1 Nb4 22. cxb4 Bxg2 23. Kxg2 Qf3+ 24. Kh3 h5 25. Ne3 Re6 26. Qe2 Qc6 27. bxc5 Qxc5 28. Rd5 Qb4 29. Qd2 Qe4 30. f4 Rc6 31. Qd3 Qe6+ 32. Kg2 Kh7 33. Re2 Rc1 34. Nf5 Qb6 35. Qe3 Qc6 36. Nxe7 Qc4 37. Qe6 Bf6 38. Bxf6 Rxf6 39. Qg8+ 1-0

[Event "Graz Land-ch"]
[Site "Graz"]
[Date "2014.09.09"]
[Round "2"]
[White "Korat, Franz"]
[Black "Wiener, Alexander"]
[Result "1-0"]
[WhiteElo "1933"]
[BlackElo "1818"]
[PlyCount "83"]
[EventDate "2014.09.08"]
[EventType "swiss"]
[EventRounds "7"]
[EventCountry "AUT"]
[SourceTitle "CBM 162 Extra"]
[Source "ChessBase"]
[SourceDate "2014.10.17"]
[SourceVersion "1"]
[SourceVersionDate "2014.10.17"]
[SourceQuality "1"]

1. d4 d5 2. Nf3 Nf6 3. c4 c6 4. Nc3 dxc4 5. a4 Bf5 6. e3 e6 7. Bxc4 Bb4 8. 0-0 0-0 9. Qe2 c5 10. Rd1 Bxc3 11. bxc3 Ne4 12. Bb2 Qc7 13. Nh4 Nc6 14. Nxf5 exf5 15. f3 Nf6 16. Ba3 Rfe8 17. Bxc5 Na5 18. Bb5 Nd5 19. Bxe8 Nxc3 20. Bxf7+ Qxf7 21. Qd3 Nxd1 22. Rxd1 b6 23. Ba3 Re8 24. d5 Qd7 25. d6 Nb7 26. Qd4 Qe6 27. d7 Qxe3+ 28. Qxe3 Rxe3 29. d8Q+ Nxd8 30. Rxd8+ Kf7 31. Bb2 Ke7 32. Ra8 Kd6 33. Rxa7 Rd3 34. Bxg7 Rd1+ 35. Kf2 f4 36. Bh6 Rd2+ 37. Kf1 Rd1+ 38. Ke2 Rg1 39. Bxf4+ Kd5 40. Kf2 Ra1 41. Be3 b5 42. axb5 1-0

[Event "Graz op-B 19th"]
[Site "Graz"]
[Date "2012.08.28"]
[Round "4"]
[White "Wezel, Sebastian"]
[Black "Wiener, Alexander"]
[Result "1-0"]
[WhiteElo "1883"]
[BlackElo "1691"]
[PlyCount "109"]
[EventDate "2012.08.25"]
[EventType "swiss"]
[EventRounds "9"]
[EventCountry "AUT"]
[SourceTitle "CBM 150 Extra"]
[Source "ChessBase"]
[SourceDate "2012.10.19"]
[SourceVersion "1"]
[SourceVersionDate "2012.10.19"]
[SourceQuality "1"]

1. e4 c5 2. Nf3 Nc6 3. d4 cxd4 4. Nxd4 Nf6 5. Nc3 e5 6. Ndb5 d6 7. Bg5 a6 8. Na3 b5 9. Nd5 Be7 10. Bxf6 Bxf6 11. c3 0-0 12. Nc2 Bg5 13. a4 bxa4 14. Rxa4 Kh8 15. Bc4 f5 16. exf5 Bxf5 17. Nce3 Bxe3 18. Nxe3 Be4 19. 0-0 Ne7 20. Bd3 Bxd3 21. Qxd3 d5 22. Rd1 Qb6 23. Rd2 Qb5 24. Rb4 Qxd3 25. Rxd3 Nc6 26. Rb6 d4 27. Rxc6 dxe3 28. Rxe3 Rad8 29. f3 Rd2 30. b4 Rfd8 31. Rxe5 Ra2 32. Rce6 Kg8 33. Re8+ Rxe8 34. Rxe8+ Kf7 35. Rc8 g5 36. h3 h5 37. Kh2 h4 38. Rc4 Ke6 39. f4 g4 40. hxg4 Kd5 41. Rc5+ Ke4 42. f5 Kf4 43. Kh3 Ra1 44. Rc4+ Kg5 45. Kh2 Ra2 46. Rd4 Rb2 47. Rd3 Rc2 48. Rf3 Kf6 49. g5+ Kf7 50. f6 Rd2 51. g6+ Kf8 52. f7 Rd8 53. Kh3 Kg7 54. Kxh4 Rh8+ 55. Kg5 1-0

[Event "Graz op-B 19th"]
[Site "Graz"]
[Date "2012.08.26"]
[Round "2"]
[White "Schuetz, Christian"]
[Black "Wiener, Alexander"]
[Result "1/2-1/2"]
[WhiteElo "1966"]
[BlackElo "1691"]
[PlyCount "87"]
[EventDate "2012.08.25"]
[EventType "swiss"]
[EventRounds "9"]
[EventCountry "AUT"]
[SourceTitle "CBM 150 Extra"]
[Source "ChessBase"]
[SourceDate "2012.10.19"]
[SourceVersion "1"]
[SourceVersionDate "2012.10.19"]
[SourceQuality "1"]

1. Nf3 Nf6 2. d4 g6 3. g3 Bg7 4. Bg2 0-0 5. 0-0 d5 6. c4 c6 7. Nc3 Nbd7 8. Bf4 Nh5 9. Be3 dxc4 10. Qc2 e5 11. Rad1 Qa5 12. d5 Nc5 13. dxc6 Bf5 14. Qc1 bxc6 15. Nh4 Be6 16. Bxc6 Rad8 17. Bd5 Bxd5 18. Nxd5 Na4 19. Ne7+ Kh8 20. Nc6 Rxd1 21. Qxd1 Qb5 22. Nxa7 Qa6 23. Qd5 Nf6 24. Qc6 Qxc6 25. Nxc6 Nd5 26. Bc1 Rc8 27. Rd1 Rxc6 28. Rxd5 Bf6 29. Ra5 Nc5 30. Bh6 Rc8 31. Nf3 e4 32. Nd2 c3 33. Nb1 c2 34. Na3 Nb7 35. Ra7 c1Q+ 36. Bxc1 Rxc1+ 37. Kg2 Bxb2 38. Rxb7 Bxa3 39. Rxf7 Rc2 40. Ra7 Bc5 41. Rc7 e3 42. fxe3 Rxe2+ 43. Kf1 Rc2 44. e4 1/2-1/2

[Event "Graz op-B 18th"]
[Site "Graz"]
[Date "2011.08.27"]
[Round "1"]
[White "Janzekovic, Klemen Tilen"]
[Black "Wiener, Alexander"]
[Result "1-0"]
[WhiteElo "1901"]
[BlackElo "1517"]
[PlyCount "51"]
[EventDate "2011.08.27"]
[EventType "swiss"]
[EventRounds "9"]
[EventCountry "AUT"]
[SourceTitle "EXT 2022"]
[Source "ChessBase"]
[SourceDate "2021.10.06"]
[SourceVersion "1"]
[SourceVersionDate "2021.10.06"]
[SourceQuality "1"]

1. e4 c5 2. Nf3 d6 3. d4 cxd4 4. Nxd4 Nf6 5. Nc3 g6 6. Be3 Bg7 7. f3 0-0 8. Qd2 Nc6 9. 0-0-0 d5 10. Qe1 Qa5 11. Nxc6 bxc6 12. Nxd5 Qxa2 13. Nxe7+ Kh8 14. Qb4 Be6 15. Qa3 Qxa3 16. bxa3 a5 17. Nxc6 Rfc8 18. Nd4 Bc4 19. Nb5 Bxb5 20. Bxb5 Rc3 21. Bd4 Rxa3 22. Kb2 Rb8 23. Kxa3 Rxb5 24. Rb1 Rxb1 25. Rxb1 Bf8+ 26. Ka4 1-0